Báje a pověsti starého Egypta a Mezopotámie / Eduard Petiška ; Il. Karel Teissig
Kniha, seznamující s tisícíletými mýty nejstarších civilizací, je zpracována podle překladů ze starých papyrů a klínopisných záznamů a podle starověkých písemných památek. Egyptské a mezopotamské báje a pověstí, ktere autorpoprvévydal r. 1967 v souboru Příběhy, na které svítilo slunce, vycházejí nyní samostatně.
Record details
- Physical Description: 117, [2] s. ; 4°
- Edition: 1. vyd.
- Publisher: Praha : Albatros, 1979
Content descriptions
| General Note: | 40000 výt. Některé obr. barev. Vyd. v Mezin. roku dítěte Pro čtenáře od 9 let |
Available copies
- 1 of 1 copy available at Common Catalog SPOK.
Holds
- 0 current holds with 1 total copy.
Show Only Available Copies
| Location | Call Number / Copy Notes | Barcode | Shelving Location | Status | Due Date |
|---|---|---|---|---|---|
| KDS Library | 810 PeE | 204576801096 | Library | Available | - |
| LDR | 01475nam a22003251 4500 | ||
|---|---|---|---|
| 001 | 20789 | ||
| 003 | CZ-PrJAB | ||
| 005 | 20150710062259.0 | ||
| 008 | 950824s1979 xr cze | ||
| 015 | . | ‡acnb000144852 | |
| 035 | . | ‡a(CZ PrNK)bk198100226 | |
| 035 | . | ‡a(OCoLC)40086566 | |
| 040 | . | ‡aABA001 ‡bcze ‡cABA001 ‡dABA001 | |
| 080 | . | ‡a885-93-34 :[398.2(32+358) :299.3 ‡2undef | |
| 100 | 1 | . | ‡aPetiška, Eduard, ‡d1924-1987 ‡7jk01092720 ‡4aut |
| 245 | 1 | 0. | ‡aBáje a pověsti starého Egypta a Mezopotámie / ‡cEduard Petiška ; Il. Karel Teissig |
| 250 | . | ‡a1. vyd. | |
| 260 | . | ‡aPraha : ‡bAlbatros, ‡c1979 ‡f(PG 1) | |
| 300 | . | ‡a117, [2] s. ; ‡c4° | |
| 500 | . | ‡a40000 výt. | |
| 500 | . | ‡aNěkteré obr. barev. | |
| 500 | . | ‡aVyd. v Mezin. roku dítěte | |
| 500 | . | ‡aPro čtenáře od 9 let | |
| 520 | . | ‡aKniha, seznamující s tisícíletými mýty nejstarších civilizací, je zpracována podle překladů ze starých papyrů a klínopisných záznamů a podle starověkých písemných památek. Egyptské a mezopotamské báje a pověstí, ktere autorpoprvévydal r. 1967 v souboru Příběhy, na které svítilo slunce, vycházejí nyní samostatně. | |
| 700 | 1 | . | ‡aTeissig, Karel, ‡d1925-2000 ‡7jk01132165 ‡4ill |
| 910 | . | ‡aABE463 | |
| 964 | . | ‡aEgypt starověký - báje a pověsti - vyd. pro děti | |
| 964 | . | ‡aMezopotámie - báje a pověsti - vyd. pro děti | |
| 964 | . | ‡aBáje - Egypt a Mezopotámie - vyd. pro děti | |
| 964 | . | ‡aPověsti - Egypt a Mezopotámie - vyd. pro děti | |
| 998 | . | ‡a000144852 | |
| 901 | . | ‡a20789 ‡b ‡c20789 ‡tbiblio | |